Un largo Termidor : (Record no. 76431)

MARC details
000 -LEADER
fixed length control field 00640nam a22001937a 4500
008 - FIXED-LENGTH DATA ELEMENTS--GENERAL INFORMATION
fixed length control field 140808t mx||||| |||| 00| 0 spa d
020 ## - INTERNATIONAL STANDARD BOOK NUMBER
International Standard Book Number 9788498792362
050 04 - LIBRARY OF CONGRESS CALL NUMBER
Classification number K3161 .T4
Item number P57 2011
100 1# - MAIN ENTRY--PERSONAL NAME
Personal name Pisarello, Gerardo
245 10 - TITLE STATEMENT
Title Un largo Termidor :
Remainder of title la ofensiva del constitucionalismo antidemocrático /
Statement of responsibility, etc Gerardo Pisarello.
250 ## - EDITION STATEMENT
Edition statement 1a ed.
260 ## - PUBLICATION, DISTRIBUTION, ETC. (IMPRINT)
Place of publication, distribution, etc México :
Name of publisher, distributor, etc Trotta,
Date of publication, distribution, etc 2011
300 ## - PHYSICAL DESCRIPTION
Extent 221 p. ;
Dimensions 20 cm.
490 #0 - SERIES STATEMENT
Series statement Estructuras y procesos, Derecho
504 ## - BIBLIOGRAPHY, ETC. NOTE
Bibliography, etc Incluye bibliografias e índice
650 #7 - SUBJECT ADDED ENTRY--TOPICAL TERM
Source of heading or term LEMB
Topical term or geographic name as entry element Derecho constitucional
General subdivision Democracia
650 #7 - SUBJECT ADDED ENTRY--TOPICAL TERM
Source of heading or term LEMB
Topical term or geographic name as entry element Derecho
General subdivision Oligarquía
942 ## - ADDED ENTRY ELEMENTS (KOHA)
Source of classification or shelving scheme Clasificación Decimal Dewey
Koha item type Libro
Holdings
Estado de pérdida Fuente de clasificación Estado del daño No para préstamo Ubicación permanente Ubicación actual Apartado o colección Fecha de adquisición Fuente de adquisición Área del conocimiento Clasificación Código de Barras Date last seen Número de copia Tipo de recurso
  Biblioteca del Cogreso de los Estados Unidos     Biblioteca del Posgrado en Derecho Biblioteca del Posgrado en Derecho General 08/08/2014     K3161 .T4 P57 2011 BPD000000219 16/01/2015 C:1 Libro
  Biblioteca del Cogreso de los Estados Unidos     Biblioteca del Posgrado en Derecho Biblioteca del Posgrado en Derecho General 08/08/2014     K3161 .T4 P57 2011 BPD000000220 16/01/2015 C:2 Libro